000 00924nam a2200229 a 4500
001 000028922
003 DO-SdBNP
005 20251204073702.0
008 110412s2006 dr r 000 0 spa d
040 _aDO-SdBNP
_bspa
_cBNPHU
082 _a347.7293
_bS941dis
100 1 _aSubero Isa, Jorge A.,
_d1947-
_976863
245 1 0 _aDiscurso conmemorativo día del poder judicial :
_baudencia solemne del 7 de enero del 2006 a modo de informe anual /
_cJorge A. Subero Isa.
260 _aSanto Domingo :
_bSuprema Corte de Justicia,
_c2006.
300 _a141 p. ;
_c22 cm.
590 _aInventariado, 2018/BT
650 4 _aPoder judicial
_zRepública Dominicana
_946172
_vEnsayos, conferencias, etc.
650 0 _aAdministración de justicia
_zRepública Dominicana
_910083
650 0 _aAdministración de justicia penal
_vEnsayos, Conferencias, Etc.
_988260
910 _aValidado. Control de calidad. EMS
942 _2ddc
_cLBS1
999 _c28414
_d28414